000 01544cam a2200385 a 4500
999 _c2784
_d2784
001 12936360
003 GZU
005 20201106092256.0
008 020919s2001 enk 001 0 eng d
010 _a 2002512334
020 _a0855984740
035 _a(OCoLC)ocm49673915
040 _aVYF
_cVYF
_dDLC
042 _alccopycat
043 _ae-uk---
050 0 0 _aJC599
_bR89 2001
082 0 0 _a323/.0941
_221
100 1 _aRuxton, Sandy.
245 1 0 _aBeyond civil rights :
_bdeveloping economic, social, and cultural rights in the UK /
_cSandy Ruxton and Razia Karim.
260 _aOxford :
_bOxfam ;
_aLondon :
_bIn association with Justice ;
_aHerndon, VA :
_bStylus Publishing,
_c2001.
300 _avi, 67 p. ;
_c29 cm.
490 1 _aOxfam working papers
504 _aIncludes bibliographical references and index.
650 0 _aCivil rights
_zGreat Britain.
650 0 _aPolitical rights
_zGreat Britain.
650 0 _aHuman rights
_zGreat Britain.
700 1 _aKarim, Razaul.
830 0 _aOxfam working paper.
856 4 2 _3Publisher description
_uhttp://www.loc.gov/catdir/enhancements/fy1115/2002512334-d.html
856 4 1 _3Table of contents only
_uhttp://www.loc.gov/catdir/enhancements/fy1115/2002512334-t.html
856 4 2 _3Contributor biographical information
_uhttp://www.loc.gov/catdir/enhancements/fy1207/2002512334-b.html
906 _a7
_bcbc
_ccopycat
_d2
_encip
_f20
_gy-gencatlg
942 _2lcc
_cBK
_h599
_iRUX
_kJC
_m2001